[Event "Stay Safe Play From Home 264"]
[Site "Emanuel Lasker Arena"]
[Date "2020.06.29"]
[Round "9"]
[White "Edmatuag"]
[Black "NeatFox"]
[Result "0-1"]
[WhiteElo "1677"]
[BlackElo "1817"]
[Annotator "NA RC"]
[PlyCount "78"]
[EventDate "2020.06.29"]
[EventType "swiss (blitz)"]

1. f4 {[%emt 0:00:02]} f5 {[%emt 0:00:02]} 2. Nf3 {[%emt 0:00:02]} Nc6 {[%emt 0:00:12]} 3. Nc3 {[%emt 0:00:00]} e6 {[%emt 0:00:01]} 4. e3 {[%emt 0:00:02]} Nf6 {[%emt 0:00:01]} 5. Bb5 {[%emt 0:00:02]} Bb4 {[%emt 0:00:15]} 6. Bxc6 {[%emt 0:00:08]} bxc6 {[%emt 0:00:06]} 7. Ne5 {[%emt 0:00:04]} O-O {[%emt 0:00:02]} 8. d3 {[%emt 0:00:03]} Bd6 {[%emt 0:00:02]} 9. Nf3 {[%emt 0:00:11]} c5 {[%emt 0:00:16]} 10. Qe2 {[%emt 0:00:06]} Bb7 {[%emt 0:00:01]} 11. b3 {[%emt 0:00:08]} Nd5 {[%emt 0:00:01]} 12. Nxd5 {[%emt 0:00:02]} Bxd5 {[%emt 0:00:01]} 13. Bb2 {[%emt 0:00:01]} Be7 {[%emt 0:00:02]} 14. O-O-O {[%emt 0:00:08]} Bf6 {[%emt 0:00:01]} 15. Ba3 {[%emt 0:00:15]} d6 {[%emt 0:00:04]} 16. e4 {[%emt 0:00:09]} fxe4 {[%emt 0:00:19]} 17. dxe4 {[%emt 0:00:01]} Bc6 {[%emt 0:00:02]} 18. Bxc5 {[%emt 0:00:10]} Qb8 {[%emt 0:00:15]} 19. Ba3 {[%emt 0:00:06]} Qb6 {[%emt 0:00:05]} 20. e5 {[%emt 0:00:12]} Be7 {[%emt 0:00:20]} 21. Bb2 {[%emt 0:00:09]} Bd5 {[%emt 0:00:05]} 22. c4 {[%emt 0:00:13]} Qc6 {[%emt 0:00:03]} 23. Nd4 {[%emt 0:00:06]} Qc5 {[%emt 0:00:04]} 24. Kb1 {[%emt 0:00:04]} dxe5 {[%emt 0:00:13]} 25. fxe5 {[%emt 0:00:16]} Bb7 {[%emt 0:00:08]} 26. Nxe6 {[%emt 0:00:03]} Qc6 {[%emt 0:00:01]} 27. Nxf8 {[%emt 0:00:02]} Rxf8 {[%emt 0:00:00]} 28. Rhf1 {[%emt 0:00:05]} Qxg2 {[%emt 0:00:03]} 29. Qxg2 {[%emt 0:00:02]} Bxg2 {[%emt 0:00:02]} 30. Rxf8+ {[%emt 0:00:00]} Kxf8 {[%emt 0:00:01]} 31. Rd7 {[%emt 0:00:00]} Ke8 {[%emt 0:00:01]} 32. Rxc7 {[%emt 0:00:01]} g6 {[%emt 0:00:02]} 33. Rxa7 {[%emt 0:00:01]} Bc5 {[%emt 0:00:00]} 34. Rxh7 {[%emt 0:00:03]} Kf8 {[%emt 0:00:03]} 35. e6 {[%emt 0:00:00]} Ke8 {[%emt 0:00:01]} 36. Bf6 {[%emt 0:00:01]} Be7 {[%emt 0:00:01]} 37. Rh8+ {[%emt 0:00:01]} Bf8 {[%emt 0:00:01]} 38. e7 {[%emt 0:00:02]} Kd7 {[%emt 0:00:01]} 39. Rxf8 {[%emt 0:00:00]} Ke6 {[%emt 0:00:00] Time (Lag: Av=0.45s, max=0.6s)} 0-1